[Event "4NCL/Div1/BARB2-BG1"]
[Site "Birmingham ENG"]
[Date "2002.??.??"]
[Round "9.2"]
[White "Rogers, Ian"]
[Black "Rogers, Jonathan W"]
[Result "1-0"]
[WhiteElo "2559"]
[BlackElo "2346"]
[PlyCount "73"]
[EventDate "2002.??.??"]
[SourceDate "2001.01.01"]

1. e4 e5 2. Bc4 Nf6 3. d3 c6 4. Nf3 Be7 5. O-O d6 6. c3 O-O 7. Bb3 Nbd7 8. Re1
Nb6 9. Nbd2 Be6 10. Nf1 Nfd7 11. Ng3 Qc7 12. d4 Bxb3 13. axb3 Rfe8 14. Nf5 Bf8
15. dxe5 dxe5 16. b4 c5 17. bxc5 Nxc5 18. Qc2 Qc6 19. b3 Qb5 20. Rb1 Rad8 21.
c4 Qc6 22. Bd2 f6 23. Ra1 a6 24. Ba5 Nd3 25. Red1 Nf4 26. Rxd8 Rxd8 27. c5 Rd3
28. Bxb6 Qxe4 29. Qc4+ Qxc4 30. bxc4 e4 31. Ne1 Rc3 32. Nd6 f5 33. Nxf5 Rxc4
34. Nd6 Rb4 35. Nxb7 Bxc5 36. Nxc5 Rxb6 37. Nxe4 1-0

[Event "4NCL/Div1/BARB2-BG1"]
[Site "Birmingham ENG"]
[Date "2002.??.??"]
[Round "9.3"]
[White "Collinson, Adam"]
[Black "Chandler, Murray G"]
[Result "1/2-1/2"]
[WhiteElo "2391"]
[BlackElo "2543"]
[PlyCount "57"]
[EventDate "2002.??.??"]
[SourceDate "2001.01.01"]

1. e4 c5 2. c3 Nf6 3. e5 Nd5 4. d4 cxd4 5. Qxd4 e6 6. Nf3 Nc6 7. Qe4 d6 8. Nbd2
dxe5 9. Nxe5 Nxe5 10. Qxe5 Bd7 11. Nf3 Qb6 12. Bd3 Bd6 13. Qe2 Qc7 14. O-O
O-O-O 15. a4 Kb8 16. a5 a6 17. Bd2 g5 18. g3 h5 19. Nxg5 Bc6 20. Ne4 f5 21.
Nxd6 Qxd6 22. Rfd1 h4 23. c4 hxg3 24. fxg3 Qc5+ 25. Qf2 Qxf2+ 26. Kxf2 Nc7 27.
Bf4 Rxh2+ 28. Ke3 Rxb2 29. Bxf5 1/2-1/2

[Event "4NCL/Div1/BARB2-BG1"]
[Site "Birmingham ENG"]
[Date "2002.??.??"]
[Round "9.4"]
[White "Hebden, Mark L"]
[Black "Berry, Neil"]
[Result "1-0"]
[WhiteElo "2537"]
[BlackElo "2265"]
[PlyCount "93"]
[EventDate "2002.??.??"]
[SourceDate "2001.01.01"]

1. d4 Nf6 2. Nf3 d5 3. c4 e6 4. Bg5 dxc4 5. Qa4+ Nbd7 6. e4 a6 7. Bxc4 c5 8. e5
h6 9. Be3 cxd4 10. Bxd4 Ne4 11. O-O Nec5 12. Bxc5 Bxc5 13. Bd3 Be7 14. Rd1 O-O
15. Nc3 Qb6 16. Qe4 g6 17. a3 Kg7 18. b4 Qc6 19. Qxc6 bxc6 20. Be4 Ra7 21. Bxc6
Rc7 22. Bxd7 Rxc3 23. Bxc8 Rfxc8 24. Kf1 R8c7 25. Nd4 R3c4 26. Rd3 g5 27. Rad1
Kg6 28. g4 Bf8 29. h3 Bg7 30. Nf3 a5 31. Rb3 axb4 32. axb4 Rb7 33. b5 Rc5 34.
b6 Rc6 35. Rd6 Rc1+ 36. Ke2 Bf8 37. Rd8 Be7 38. Rg8+ Kh7 39. Ra8 Bc5 40. Rc8
Ba3 41. Rxc1 Bxc1 42. Kd3 Bf4 43. Ke4 Kg7 44. Nd4 Kf8 45. Nc6 Ke8 46. Kd4 Kd7
47. Kc5 1-0

[Event "4NCL/Div1/BARB2-BG1"]
[Site "Birmingham ENG"]
[Date "2002.??.??"]
[Round "9.5"]
[White "Duncan, Christopher R"]
[Black "McShane, Luke J"]
[Result "0-1"]
[WhiteElo "2336"]
[BlackElo "2538"]
[PlyCount "70"]
[EventDate "2002.??.??"]
[SourceDate "2001.01.01"]

1. e4 c5 2. Nf3 Nc6 3. Nc3 d6 4. Bb5 e5 5. d3 Nf6 6. O-O Be7 7. h3 O-O 8. a3 h6
9. Re1 Be6 10. Bc4 Qd7 11. Bd2 Rfb8 12. Nd5 Bd8 13. c3 Bxd5 14. Bxd5 Nxd5 15.
exd5 Ne7 16. c4 b5 17. b4 Bb6 18. Qe2 Ng6 19. Reb1 a5 20. cxb5 axb4 21. axb4
Rxa1 22. Rxa1 Qxb5 23. Qe4 cxb4 24. Qxb4 Qxd5 25. Be3 Ba7 26. Qa5 Qxa5 27. Rxa5
Bxe3 28. fxe3 Kf8 29. Ra7 Rb3 30. Ne1 e4 31. Rd7 Ne5 32. Rxd6 exd3 33. Rd5 f6
34. Kf1 Ke7 35. Nf3 Nc4 0-1

[Event "4NCL/Div1/BARB2-BG1"]
[Site "Birmingham ENG"]
[Date "2002.??.??"]
[Round "9.6"]
[White "Summerscale, Aaron"]
[Black "Trent, Lawrence"]
[Result "1/2-1/2"]
[WhiteElo "2503"]
[BlackElo "2219"]
[PlyCount "53"]
[EventDate "2002.??.??"]
[SourceDate "2001.01.01"]

1. d4 Nf6 2. Nf3 c5 3. d5 b5 4. Bg5 d6 5. Bxf6 exf6 6. e4 a6 7. a4 b4 8. Bd3 g6
9. Nbd2 Bg7 10. Nc4 a5 11. Nfd2 O-O 12. O-O Bb7 13. Qf3 Nd7 14. Qg3 Ne5 15. f4
Nxd3 16. Qxd3 f5 17. exf5 Bd4+ 18. Kh1 Bxd5 19. fxg6 hxg6 20. c3 Bxc4 21. Nxc4
bxc3 22. bxc3 d5 23. cxd4 dxc4 24. Qxc4 Qxd4 {(=)} 25. Rac1 Qxc4 26. Rxc4 Rfc8
27. Rfc1 1/2-1/2

[Event "4NCL/Div1/BARB2-BG1"]
[Site "Birmingham ENG"]
[Date "2002.??.??"]
[Round "9.7"]
[White "Coleman, David J"]
[Black "Mestel, A Jonathan"]
[Result "0-1"]
[WhiteElo "2234"]
[BlackElo "2495"]
[PlyCount "70"]
[EventDate "2002.??.??"]
[SourceDate "2001.01.01"]

1. e4 c5 2. Nf3 d6 3. d4 Nf6 4. Nc3 cxd4 5. Nxd4 g6 6. Be3 Bg7 7. f3 O-O 8. Qd2
Nc6 9. Bc4 Bd7 10. h4 Rc8 11. Bb3 h5 12. g4 hxg4 13. h5 Nxh5 14. O-O-O Nxd4 15.
Bxd4 Bxd4 16. Qxd4 e5 17. Qd2 Rxc3 18. bxc3 Qf6 19. Qxd6 Bc8 20. fxg4 Bxg4 21.
Qxf6 Nxf6 22. Rd6 Kg7 23. Bd5 Bf3 24. Rxf6 Bxh1 25. Rf1 Bg2 26. Rf2 Bh3 27.
Bxb7 Be6 28. a3 f5 29. exf5 gxf5 30. Ba6 f4 31. Bd3 Bd5 32. c4 Ba8 33. Re2 Re8
34. Be4 f3 35. Re3 Bxe4 0-1

[Event "4NCL/Div1/BARB2-BG1"]
[Site "Birmingham ENG"]
[Date "2002.??.??"]
[Round "9.8"]
[White "Richards, Heather S"]
[Black "Lauterbach, Ingrid"]
[Result "1-0"]
[WhiteElo "2252"]
[BlackElo "2127"]
[PlyCount "73"]
[EventDate "2002.??.??"]
[SourceDate "2001.01.01"]

1. e4 c5 2. c3 d5 3. exd5 Qxd5 4. d4 Nf6 5. Be3 cxd4 6. cxd4 Bg4 7. f3 Bd7 8.
Nc3 Qa5 9. Bc4 e6 10. Nge2 Bd6 11. Bb3 O-O 12. O-O Nc6 13. Rc1 Nb4 14. Qd2 Qh5
15. Ng3 Bxg3 16. hxg3 Nfd5 17. g4 Qg6 18. Bf2 Qd3 19. Qg5 Qg6 20. Qd2 Qd3 21.
Qe1 Qa6 22. Nxd5 Nxd5 23. Qe5 Bb5 24. Rfd1 Nb4 25. Qh5 Be2 26. Rd2 Bd3 27. Qc5
Nc6 28. Rcd1 Bg6 29. d5 exd5 30. Rxd5 Rac8 31. Bc4 Qa4 32. a3 Bc2 33. Bb5 Qb3
34. R1d2 Bg6 35. Bc4 Qa4 36. b3 b6 37. Qxf8+ 1-0

[Event "4NCL/Div1/SLO1-BG2"]
[Site "Birmingham ENG"]
[Date "2002.??.??"]
[Round "9.1"]
[White "Wells, Peter K"]
[Black "McDonald, Neil R"]
[Result "1/2-1/2"]
[WhiteElo "2499"]
[BlackElo "2389"]
[PlyCount "59"]
[EventDate "2002.??.??"]
[SourceDate "2001.01.01"]

1. e4 e6 2. d4 d5 3. Nd2 dxe4 4. Nxe4 Bd7 5. Nf3 Bc6 6. Bd3 Nd7 7. O-O Ngf6 8.
Ned2 Bd5 9. c4 Bxf3 10. Nxf3 c6 11. b3 Qa5 12. c5 Nd5 13. b4 Qc7 14. b5 g6 15.
bxc6 bxc6 16. Bd2 Bg7 17. Ba6 Nb8 18. Bc4 O-O 19. Qa4 a5 20. Rab1 Nd7 21. Rfe1
e5 22. Bxd5 cxd5 23. c6 Nb6 24. Qb5 Nc4 25. dxe5 Nxd2 26. Nxd2 Bxe5 27. Nf3 Bc3
28. Rec1 d4 29. Qc4 Rfb8 30. Nxd4 1/2-1/2

[Event "4NCL/Div1/SLO1-BG2"]
[Site "Birmingham ENG"]
[Date "2002.??.??"]
[Round "9.2"]
[White "Richardson, John R"]
[Black "McNab, Colin A"]
[Result "0-1"]
[WhiteElo "2308"]
[BlackElo "2411"]
[PlyCount "64"]
[EventDate "2002.??.??"]
[SourceDate "2001.01.01"]

1. d4 d6 2. g3 g6 3. Bg2 Bg7 4. c4 Nd7 5. Nc3 e5 6. Nf3 Ne7 7. e4 O-O 8. O-O
exd4 9. Nxd4 Nc6 10. Nde2 a6 11. f4 Re8 12. Rb1 Rb8 13. a4 Nb4 14. Be3 f5 15.
Ba7 Ra8 16. Bd4 Nf6 17. e5 dxe5 18. Bxe5 Qe7 19. Qb3 Be6 20. Nd4 Qc5 21. Nce2
Ng4 22. Bxg7 Kxg7 23. Kh1 Bf7 24. Qc3 Kg8 25. Rf3 Qxc4 26. Rc1 Qxc3 27. bxc3
Nd5 28. Bf1 Nde3 29. h3 Bd5 30. hxg4 fxg4 31. Ng1 gxf3 32. Ndxf3 Nxf1 0-1

[Event "4NCL/Div1/SLO1-BG2"]
[Site "Birmingham ENG"]
[Date "2002.??.??"]
[Round "9.3"]
[White "Kiseleva, Natalia"]
[Black "Broom, Mark"]
[Result "1-0"]
[WhiteElo "2373"]
[BlackElo "2240"]
[PlyCount "61"]
[EventDate "2002.??.??"]
[SourceDate "2001.01.01"]

1. d4 d5 2. c4 c6 3. Nf3 Nf6 4. Qc2 e6 5. g3 Be7 6. Bg2 O-O 7. O-O b6 8. Rd1
Bb7 9. b3 Nbd7 10. Nc3 c5 11. cxd5 Nxd5 12. Nxd5 exd5 13. h4 h6 14. Bb2 Qc7 15.
dxc5 bxc5 16. Nd4 Nf6 17. Nf5 Rac8 18. Rac1 Rfd8 19. Bd4 c4 20. Qb2 Re8 21.
bxc4 Qd7 22. Bh3 Kf8 23. Kh2 Rb8 24. Be5 Bc5 25. Bxf6 Bc8 26. Bxg7+ Kg8 27.
Nxh6+ Kh7 28. Bxd7 Rxb2 29. Bxb2 Bxd7 30. Rxd5 Rxe2 31. Rxd7 1-0

[Event "4NCL/Div1/SLO1-BG2"]
[Site "Birmingham ENG"]
[Date "2002.??.??"]
[Round "9.4"]
[White "Graham, David B"]
[Black "Wohl, Aleksandar H"]
[Result "0-1"]
[WhiteElo "2254"]
[BlackElo "2388"]
[PlyCount "62"]
[EventDate "2002.??.??"]
[SourceDate "2001.01.01"]

1. e4 Nf6 2. e5 Nd5 3. Nc3 c6 4. Nxd5 cxd5 5. d4 d6 6. f4 Nc6 7. Nf3 Bg4 8. c3
e6 9. Bd3 Qb6 10. Qe2 Be7 11. O-O dxe5 12. fxe5 Bh5 13. Kh1 Bg6 14. Bg5 Qd8 15.
Bxe7 Qxe7 16. Rf2 Bxd3 17. Qxd3 O-O 18. Re1 Rae8 19. h3 f6 20. exf6 gxf6 21.
Rfe2 Qd6 22. Qd2 Re7 23. Qh6 Nd8 24. Nh4 Rg7 {(=)} 25. Rxe6 Nxe6 26. Nf5 Qf4
27. Qxf4 Nxf4 28. Nxg7 Kxg7 29. Re7+ Rf7 30. Re8 Rd7 31. Rc8 Re7 0-1

[Event "4NCL/Div1/SLO1-BG2"]
[Site "Birmingham ENG"]
[Date "2002.??.??"]
[Round "9.5"]
[White "Thiruchelvam, Thirumurugan"]
[Black "Moskovic, David M"]
[Result "0-1"]
[WhiteElo "2269"]
[BlackElo "2250"]
[PlyCount "106"]
[EventDate "2002.??.??"]
[SourceDate "2001.01.01"]

1. e4 c5 2. Nf3 d6 3. d4 cxd4 4. Qxd4 a6 5. c4 Nc6 6. Qd2 Nf6 7. Nc3 Bg4 8. Be2
g6 9. b3 Bg7 10. Bb2 O-O 11. O-O Qa5 12. Rfd1 Rfc8 13. Qe3 Rab8 14. a3 Qc5 15.
Qd2 b5 16. b4 Qb6 17. cxb5 axb5 18. Rac1 Bxf3 19. Bxf3 Ne5 20. Nd5 Nxf3+ 21.
gxf3 Nxd5 22. Bxg7 Kxg7 23. Qxd5 Rxc1 24. Rxc1 e6 25. Qd3 Rd8 26. f4 d5 27. e5
Ra8 28. Rc5 Qa6 29. Rc3 Rc8 30. Rxc8 Qxc8 31. Qxb5 Qc1+ 32. Kg2 d4 33. Kf3 Qh1+
34. Ke2 Qe4+ 35. Kd2 Qxf4+ 36. Kd1 Qf3+ 37. Qe2 Qxa3 38. Qd2 d3 39. f4 Qa1+ 40.
Qc1 Qa4+ 41. Kd2 Qxb4+ 42. Kxd3 Qb3+ 43. Ke4 Qb7+ 44. Ke3 Qg2 45. Qc7 Qxh2 46.
Qe7 Qh3+ 47. Ke4 Qf5+ 48. Ke3 h6 49. Qd6 g5 50. fxg5 hxg5 51. Qd4 Qf4+ 52. Qxf4
gxf4+ 53. Kxf4 Kh6 0-1

[Event "4NCL/Div1/SLO1-BG2"]
[Site "Birmingham ENG"]
[Date "2002.??.??"]
[Round "9.7"]
[White "Deveraux, Maxim"]
[Black "Bellin, Jana"]
[Result "1-0"]
[WhiteElo "2282"]
[BlackElo "2203"]
[PlyCount "43"]
[EventDate "2002.??.??"]
[SourceDate "2001.01.01"]

1. Nf3 Nf6 2. b3 b6 3. Bb2 c5 4. c4 Bb7 5. e3 g6 6. Be2 Bg7 7. O-O O-O 8. d4 e6
9. Nc3 d5 10. dxc5 bxc5 11. Na4 Nbd7 12. Rc1 Rc8 13. Ne5 Nb6 14. b4 Nxa4 15.
Qxa4 Qb6 16. a3 Rfd8 17. Rb1 cxb4 18. c5 Qxc5 19. Bd4 Bc6 20. Qa6 Qd6 21. Rfc1
Ne4 22. Nxc6 1-0

[Event "4NCL/Div1/SLO1-BG2"]
[Site "Birmingham ENG"]
[Date "2002.??.??"]
[Round "9.8"]
[White "Anderton, David W"]
[Black "Houska, Miroslav"]
[Result "1/2-1/2"]
[WhiteElo "2230"]
[BlackElo "2300"]
[PlyCount "72"]
[EventDate "2002.??.??"]
[SourceDate "2001.01.01"]

1. d4 c5 2. d5 e6 3. c4 Nf6 4. Nc3 exd5 5. cxd5 d6 6. e4 g6 7. f4 Bg7 8. Bb5+
Nfd7 9. a4 O-O 10. Nf3 Re8 11. O-O Qa5 12. Kh1 a6 13. Bd3 b5 14. Ra2 b4 15. Ne2
c4 16. Bxc4 Rxe4 17. Nd2 Re8 18. b3 Bb7 19. Bb2 Nf6 20. Qa1 Nbd7 21. f5 Ne5 22.
fxg6 hxg6 23. Nf4 Nxd5 24. Bxd5 Bxd5 25. Nxd5 Qxd5 26. Nc4 Re6 27. Nb6 Qc6 28.
Nxa8 Qxa8 29. Qd1 Qe4 30. Bd4 Ng4 31. Bg1 g5 32. Rc2 Bc3 33. h3 Rh6 34. Rf3 Ne5
35. Rg3 g4 36. Re2 Qc6 1/2-1/2

[Event "4NCL/Div1/WG2-TWR"]
[Site "Birmingham ENG"]
[Date "2002.??.??"]
[Round "9.1"]
[White "Littlewood, Paul E"]
[Black "Arkell, Keith C"]
[Result "1/2-1/2"]
[WhiteElo "2403"]
[BlackElo "2478"]
[PlyCount "109"]
[EventDate "2002.??.??"]
[SourceDate "2001.01.01"]

1. d4 e6 2. Nf3 Nf6 3. c4 b6 4. e3 Bb7 5. Bd3 d5 6. O-O Nbd7 7. b3 Be7 8. Bb2
O-O 9. Nc3 Ne4 10. Qe2 Nxc3 11. Bxc3 Bf6 12. Rac1 Qe7 13. cxd5 exd5 14. Bb2 c6
15. Ba6 Bxa6 16. Qxa6 Rfc8 17. Rc2 Rc7 18. Rfc1 Qe6 19. Ne1 Rac8 20. Nd3 h5 21.
Nf4 Qf5 22. Qe2 h4 23. Qf3 Bd8 24. Qh3 Qxh3 25. gxh3 g5 26. Ne2 Be7 27. f3 Bd6
28. e4 dxe4 29. fxe4 f6 30. Kg2 c5 31. dxc5 {(=)} Rxc5 32. Rxc5 Rxc5 33. Rxc5
Bxc5 34. Nd4 Kf7 35. Nf3 Be3 36. Kf1 Nc5 37. Ke2 Bf4 38. e5 f5 39. Bd4 Ne6 40.
Bg1 Bc1 41. Kd3 Ke7 42. Kc4 Kd7 43. a4 Nc7 44. Nd4 f4 45. Kd3 Ne6 46. Nf3 Kc6
47. Ke4 Ba3 48. Bf2 Be7 49. Bd4 Bc5 50. Bc3 a5 51. Bb2 Bf8 52. Bd4 Be7 53. Bf2
Bc5 54. Be1 Be7 55. Bf2 1/2-1/2

[Event "4NCL/Div1/WG2-TWR"]
[Site "Birmingham ENG"]
[Date "2002.??.??"]
[Round "9.2"]
[White "Dunnington, Angus J"]
[Black "Martin, Andrew D"]
[Result "1-0"]
[WhiteElo "2382"]
[BlackElo "2443"]
[PlyCount "95"]
[EventDate "2002.??.??"]
[SourceDate "2001.01.01"]

1. Nf3 d6 2. d4 Bg4 3. e4 Nf6 4. Nc3 e6 5. Be2 Be7 6. O-O O-O 7. d5 e5 8. Nd2
Bc8 9. Nc4 b5 10. Nxb5 Nxe4 11. f3 Nf6 12. f4 e4 13. Ne3 c6 14. dxc6 Nxc6 15.
c4 Re8 16. Kh1 Bb7 17. b3 a6 18. Nc3 Bf8 19. Bb2 Qa5 20. Qe1 Nb4 21. Na4 Nc6
22. Qxa5 Nxa5 23. Bc3 Nc6 24. Bxf6 gxf6 25. Nd5 Red8 26. Nxf6+ Kh8 27. Nxe4 Re8
28. Bf3 Nd4 29. Nxd6 Nxf3 30. Nxb7 Nd2 31. Rfd1 Ne4 32. Kg1 Bb4 33. c5 Rac8 34.
Rac1 Rc6 35. Rd8 Rce6 36. Rxe8+ Rxe8 37. g3 Nd2 38. Kf2 Ne4+ 39. Kg2 Nf6 40.
Kf3 Bd2 41. Rc2 Re3+ 42. Kg2 Ne4 43. Nd6 Re2+ 44. Kf3 Re3+ 45. Kg4 Nf2+ 46. Kf5
Nd3 47. Nb6 Kg7 48. Ne4 1-0

[Event "4NCL/Div1/WG2-TWR"]
[Site "Birmingham ENG"]
[Date "2002.??.??"]
[Round "9.3"]
[White "Tiller, Bjorn"]
[Black "Kirsanov, Oleg"]
[Result "1-0"]
[WhiteElo "2383"]
[BlackElo "2330"]
[PlyCount "77"]
[EventDate "2002.??.??"]
[SourceDate "2001.01.01"]

1. e4 e6 2. d3 d5 3. Nd2 Nf6 4. f4 b6 5. Ngf3 dxe4 6. dxe4 Bb7 7. Bb5+ Nbd7 8.
Qe2 a6 9. Bxd7+ Nxd7 10. O-O Be7 11. b3 O-O 12. Bb2 a5 13. a3 Ba6 14. c4 Nc5
15. Nd4 Qe8 16. Rf3 f6 17. Rg3 Qf7 18. Rf1 Bb7 19. Nb5 Rfd8 20. Re3 Bf8 21. Nf3
Rd7 22. f5 e5 23. b4 axb4 24. axb4 Na4 25. Bxe5 Bxb4 26. Ba1 Rad8 27. Kh1 Bc5
28. e5 Bxf3 29. Rexf3 fxe5 30. f6 g6 31. Qxe5 c6 32. Nc3 Bd4 33. Qe1 Nc5 34.
Qb1 Ne6 35. Ne4 Bxa1 36. Qxa1 Rb8 37. Qe5 Re8 38. Nd6 Nc5 39. Nxf7 1-0

[Event "4NCL/Div1/WG2-TWR"]
[Site "Birmingham ENG"]
[Date "2002.??.??"]
[Round "9.4"]
[White "Gayson, Peter M"]
[Black "Sowray, Peter J"]
[Result "0-1"]
[WhiteElo "2281"]
[BlackElo "2312"]
[PlyCount "68"]
[EventDate "2002.??.??"]
[SourceDate "2001.01.01"]

1. e4 e5 2. Nf3 Nc6 3. d4 exd4 4. Bc4 Nf6 5. O-O Nxe4 6. Re1 d5 7. Bxd5 Qxd5 8.
Nc3 Qa5 9. Nxe4 Be6 10. Bd2 Bb4 11. Nxd4 Nxd4 12. c3 Be7 13. cxd4 Qd5 14. Rc1
c6 15. Bg5 Bxg5 16. Rc5 Qxa2 17. Nxg5 O-O-O 18. Nxe6 fxe6 19. Qg4 Qxb2 20. d5
Rhf8 21. Kh1 Qxf2 22. Rxc6+ Kb8 23. Rcc1 exd5 24. Qxg7 Qf7 25. Qe5+ Ka8 26. Ra1
a6 27. Qd4 Qf2 28. Qd3 Rg8 29. Re2 Qf6 30. Rb1 Rg7 31. Reb2 Re7 32. h3 d4 33.
Rb6 Rd6 34. R6b2 Rde6 0-1

[Event "4NCL/Div1/WG2-TWR"]
[Site "Birmingham ENG"]
[Date "2002.??.??"]
[Round "9.5"]
[White "Lee, Graham D"]
[Black "Burnett, James"]
[Result "1-0"]
[WhiteElo "2338"]
[BlackElo "2218"]
[PlyCount "51"]
[EventDate "2002.??.??"]
[SourceDate "2001.01.01"]

1. e4 d5 2. exd5 Qxd5 3. Nf3 Bg4 4. Be2 c5 5. h3 Bh5 6. Nc3 Qd6 7. d4 cxd4 8.
Nb5 Qb6 9. Bf4 Na6 10. Nfxd4 Bxe2 11. Qxe2 e6 12. O-O Nf6 13. Nf5 Nd5 14. Nfd6+
Bxd6 15. Nxd6+ Kf8 16. Bg3 Rd8 17. c4 Nf6 18. Rad1 Nc5 19. Nb5 Rc8 20. Bd6+ Kg8
21. Bc7 Qa6 22. b4 Nce4 23. Rd4 Qc6 24. Nxa7 Qxc7 25. Nxc8 Qxc8 26. Rfd1 1-0

[Event "4NCL/Div1/WG2-TWR"]
[Site "Birmingham ENG"]
[Date "2002.??.??"]
[Round "9.6"]
[White "Buckley, Simon T"]
[Black "Law, Andrew P"]
[Result "0-1"]
[WhiteElo "2243"]
[BlackElo "2302"]
[PlyCount "66"]
[EventDate "2002.??.??"]
[SourceDate "2001.01.01"]

1. e4 e5 2. Bc4 Nf6 3. d3 c6 4. Nf3 d5 5. Bb3 Bb4+ 6. Bd2 Bxd2+ 7. Nbxd2 Nbd7
8. O-O O-O 9. Re1 d4 10. Nc4 Qe7 11. c3 c5 12. a4 b6 13. Qd2 Ba6 14. Qg5 h6 15.
Qd2 Kh7 16. Rac1 Rac8 {(=)} 17. Ba2 Bb7 18. Rb1 Nh5 19. b4 f5 20. bxc5 dxc3 21.
Qxc3 Rxc5 22. Rb5 Rfc8 23. Rxc5 Rxc5 24. Qb3 Nhf6 25. d4 fxe4 26. Ng5+ hxg5 27.
dxc5 Nxc5 28. Qh3+ Kg6 29. Qg3 Nd3 30. Rd1 Nh5 31. Qe3 Nhf4 32. Bb1 Kf6 33. Nd2
Qb4 {Remaining moves not recorded but 0-1, 43.} 0-1

[Event "4NCL/Div1/WG2-TWR"]
[Site "Birmingham ENG"]
[Date "2002.??.??"]
[Round "9.7"]
[White "Tan, Desmond"]
[Black "Barrett, Steve J"]
[Result "1/2-1/2"]
[WhiteElo "2281"]
[BlackElo "2199"]
[PlyCount "52"]
[EventDate "2002.??.??"]
[SourceDate "2001.01.01"]

1. e4 c5 2. Nc3 e6 3. Nf3 d6 4. d4 cxd4 5. Nxd4 Nf6 6. Bc4 Be7 7. O-O O-O 8.
Qe2 Re8 9. Bb3 Na6 10. Rd1 Nc5 11. Ndb5 Qb6 12. Be3 a6 13. Nd4 Qc7 14. f3 b5
15. Qf2 Bb7 16. a3 Nxb3 17. Nxb3 Nd7 18. Bd4 Bf6 19. Bxf6 Nxf6 20. Qg3 Rad8 21.
Rd2 Qb6+ 22. Qf2 Qc7 23. Rad1 Ba8 24. Qg3 Qb6+ 25. Qf2 Qc7 26. Qg3 Qb6+ 1/2-1/2

[Event "4NCL/Div1/BRI1-GUI1"]
[Site "Birmingham ENG"]
[Date "2002.??.??"]
[Round "9.1"]
[White "Ansell, Simon"]
[Black "Rowson, Jonathan"]
[Result "1/2-1/2"]
[WhiteElo "2396"]
[BlackElo "2527"]
[PlyCount "102"]
[EventDate "2002.??.??"]
[SourceDate "2001.01.01"]

1. e4 c5 2. Nf3 e6 3. d3 Nc6 4. g3 g6 5. Bg5 Qc7 6. Bg2 Bg7 7. c3 d6 8. O-O h6
9. Be3 Nf6 10. h3 O-O 11. Nbd2 b6 12. d4 e5 13. a3 Bb7 14. b4 Rad8 15. bxc5
dxc5 16. Qc2 exd4 17. cxd4 cxd4 18. Nxd4 Rc8 19. Nxc6 Bxc6 20. Rac1 Qe7 21.
Rfd1 Rfd8 22. Qb3 Bxe4 23. Nxe4 Nxe4 24. Rxd8+ Rxd8 25. Rc6 Nd6 26. Qb4 Qd7 27.
h4 Nf5 28. Bf4 Qd1+ 29. Kh2 Qd4 30. Qxd4 Nxd4 31. Rc7 Nb5 32. Rb7 Nxa3 33. Rxa7
Nb5 34. Rb7 Bd4 35. Bf1 Nd6 36. Bxd6 Rxd6 37. Bc4 Rf6 38. f4 Kf8 39. Kg2 Bc5
40. Bd5 Be7 41. Rb8+ Kg7 42. Rb7 Rd6 43. Bc4 Rd4 44. Bb5 Rd2+ 45. Kf3 Rb2 46.
Rxb6 Rb3+ 47. Kg2 Rb2+ 48. Kf3 Bc5 49. Rb7 h5 50. Bc6 Rxb7 51. Bxb7 f5 1/2-1/2

[Event "4NCL/Div1/BRI1-GUI1"]
[Site "Birmingham ENG"]
[Date "2002.??.??"]
[Round "9.2"]
[White "Plaskett, Jim"]
[Black "Sherwin, James T"]
[Result "1-0"]
[WhiteElo "2462"]
[BlackElo "2339"]
[PlyCount "62"]
[EventDate "2002.??.??"]
[SourceDate "2001.01.01"]

1. e4 Nc6 2. d4 e5 3. dxe5 Nxe5 4. Nf3 Qf6 5. Nc3 Bb4 6. Bd2 Nxf3+ 7. gxf3 Ne7
8. Qe2 Ng6 9. O-O-O c6 10. Kb1 Bd6 11. h4 Nf4 12. Qe3 Be5 13. Ne2 Nxe2 14. Bxe2
Bxb2 15. Qb3 Bd4 16. Rhg1 h6 17. Bc1 d6 18. Bc4 Rf8 19. f4 b5 20. Bxb5 cxb5 21.
Qd5 Rb8 22. e5 dxe5 23. fxe5 Qb6 24. Rxd4 Be6 25. Qe4 Rc8 26. Rxg7 Qc5 27. Rd6
Qc4 28. Qxc4 Rxc4 29. Bxh6 Rxh4 30. Bg5 Rb4+ 31. Kc1 Bd7 1-0

[Event "4NCL/Div1/BRI1-GUI1"]
[Site "Birmingham ENG"]
[Date "2002.??.??"]
[Round "9.3"]
[White "Burgess, Graham K"]
[Black "Matros, Alexander"]
[Result "0-1"]
[WhiteElo "2301"]
[BlackElo "2455"]
[PlyCount "57"]
[EventDate "2002.??.??"]
[SourceDate "2001.01.01"]

1. d4 d5 2. Nf3 c6 3. c4 e6 4. Nc3 dxc4 5. a4 Bb4 6. e3 b5 7. Bd2 a5 8. Ne5 Nf6
9. Qf3 Ra7 10. Be2 O-O 11. O-O Bb7 12. Qh3 Nbd7 13. f4 bxa4 14. Bxc4 c5 15. Bd3
cxd4 16. exd4 Re8 17. Rxa4 Nb6 18. Raa1 g6 19. Bb5 Rf8 20. Bc6 Qa8 21. f5 exf5
22. Rxf5 Be7 23. Rxf6 Bxf6 24. Ne4 Bg7 25. Ng5 h6 26. Ngxf7 Bxc6 27. Qe6 Raxf7
28. Nxc6 Qe8 29. d5 0-1

[Event "4NCL/Div1/BRI1-GUI1"]
[Site "Birmingham ENG"]
[Date "2002.??.??"]
[Round "9.4"]
[White "Kinsman, Andrew PH"]
[Black "Beaumont, Chris"]
[Result "1/2-1/2"]
[WhiteElo "2401"]
[BlackElo "2300"]
[PlyCount "81"]
[EventDate "2002.??.??"]
[SourceDate "2001.01.01"]

1. d4 g6 2. e4 Bg7 3. Nc3 d6 4. Be3 c6 5. Qd2 Nd7 6. Nf3 b5 7. a4 b4 8. Ne2 a5
9. Ng3 Qc7 10. c3 bxc3 11. bxc3 Ngf6 12. Bh6 Bxh6 13. Qxh6 Qb6 14. Bc4 Ba6 15.
Bxa6 Qxa6 16. Nd2 Qd3 17. Qe3 Qxe3+ 18. fxe3 e6 19. Ke2 Ke7 20. Rhb1 h5 21. h3
Rhb8 22. Kd3 Ne8 23. Nc4 d5 24. exd5 exd5 25. Nd2 Nd6 26. e4 h4 27. Ne2 dxe4+
28. Nxe4 Nxe4 29. Kxe4 Nf6+ 30. Kd3 Nd5 31. c4 Nb4+ 32. Kc3 Re8 33. Ng1 f6 34.
Nf3 g5 35. Nd2 f5 36. Nb3 Kd6 37. Re1 Na2+ 38. Kb2 Nb4 39. Kc3 Na2+ 40. Kb2 Nb4
41. Kc3 1/2-1/2

[Event "4NCL/Div1/BRI1-GUI1"]
[Site "Birmingham ENG"]
[Date "2002.??.??"]
[Round "9.5"]
[White "Cobb, Charles"]
[Black "Povah, Nigel E"]
[Result "1/2-1/2"]
[WhiteElo "2297"]
[BlackElo "2401"]
[PlyCount "142"]
[EventDate "2002.??.??"]
[SourceDate "2001.01.01"]

1. c4 e5 2. Nc3 Nf6 3. Nf3 Nc6 4. e3 Bb4 5. Qc2 O-O 6. Nd5 Re8 7. Qf5 d6 8.
Nxf6+ gxf6 9. Qh5 d5 10. Bd3 e4 11. cxd5 Bf8 12. Bb1 Nb4 13. d4 Bg7 14. Nh4
Qxd5 15. Qxd5 Nxd5 16. O-O Bh6 17. g3 Bh3 18. Ng2 c5 19. dxc5 Rac8 20. a3 Rxc5
21. Ba2 Rd8 22. b4 Rcc8 23. Bb3 Nc3 24. Re1 f5 25. Nf4 Bg4 26. h3 Bf3 27. Bb2
Rd2 28. Bc1 Rdd8 29. Bb2 Bxf4 30. exf4 Rd2 31. Bc1 Ne2+ 32. Kf1 Nxc1 33. Raxc1
Rxc1 34. Rxc1 Rd3 35. Rb1 b5 36. a4 a6 37. axb5 axb5 38. Bc2 Rd2 39. Bb3 Kf8
40. Ke1 Rd3 41. Bc2 Rd4 42. Rb2 h5 43. h4 Ke7 44. Rb1 Kd6 45. Rb2 f6 46. Rb1
Kc6 47. Rb2 Bg4 48. Rb1 Rd7 49. Rb2 Ra7 50. Kd2 Ra1 51. Rb1 Ra2 52. Kc3 Be2 53.
Rb2 Ra3+ 54. Rb3 Ra7 55. Kd4 Kd6 56. Rc3 Bc4 57. Bd1 Bf7 58. Rc5 Ra3 59. Rc3
Ra1 60. Be2 Rb1 61. Bxb5 Rxb4+ 62. Bc4 Bxc4 63. Rxc4 Rb3 64. Rc2 Rd3+ 65. Kc4
Rf3 66. Kd4 e3 67. fxe3 Rxg3 68. Rc5 Ke6 69. e4 Rg4 70. Rxf5 Rxh4 71. Ke3 Rh3+
1/2-1/2

[Event "4NCL/Div1/BRI1-GUI1"]
[Site "Birmingham ENG"]
[Date "2002.??.??"]
[Round "9.6"]
[White "Benitah, Yohan"]
[Black "McFarland, Robert S"]
[Result "0-1"]
[WhiteElo "2325"]
[BlackElo "2280"]
[PlyCount "110"]
[EventDate "2002.??.??"]
[SourceDate "2001.01.01"]

1. d4 g6 2. c4 Bg7 3. e4 d6 4. Nc3 Nf6 5. f3 Nbd7 6. Bg5 c5 7. d5 h6 8. Be3 O-O
9. Nh3 a6 10. a4 Ne5 11. Nf2 e6 12. Be2 exd5 13. cxd5 Ne8 14. f4 Nd7 15. O-O f5
16. exf5 gxf5 17. Bd3 Ndf6 18. h3 Nc7 19. Qf3 Rb8 20. a5 b5 21. axb6 Rxb6 22.
Rab1 Rb4 23. b3 Qe8 24. Bc4 Kh8 25. Rfe1 Qf7 26. Na2 Rb8 27. b4 cxb4 28. Nxb4
Bb7 29. Bd4 a5 30. Nc2 Bxd5 31. Bxd5 Qxd5 32. Rxb8 Rxb8 33. Qc3 Nb5 34. Qb2 Rf8
35. Rb1 Nxd4 36. Qxd4 Qc6 37. Qd2 Nd5 38. Kh1 Nc3 39. Rc1 Qb6 40. Ne3 Ne4 41.
Nxe4 fxe4 42. f5 Qb4 43. Qe2 a4 44. Rf1 a3 45. Qh5 Qb5 46. Qd1 a2 47. Nc2 Rxf5
48. Rxf5 Qxf5 49. Qxd6 Qf1+ 50. Kh2 a1=Q 51. Nxa1 Qxa1 52. g3 Qb2+ 53. Kh1 Qb1+
54. Kg2 Qc2+ 55. Kg1 Qd3 0-1